Euro 2020: Liste 26 - Croatie - Statistiques

Statistiques générales
  • Ce quiz a été pris 55 fois
  • Le résultat moyen est 14 sur 27
Statistiques - réponses
Poste Club Joueur % Correct
M Real Madrid Luka Modrić
98%
M Inter Milan Ivan Perišić
91%
D Olympique Marseille Duje Ćaleta-Car
89%
D Beşiktaş Domagoj Vida
85%
M Chelsea FC Mateo Kovačić
85%
A AC Milan Ante Rebić
77%
M Inter Milan Marcelo Brozović
77%
A TSG Hoffenheim Andrej Kramarić
72%
D Atlético Madrid Šime Vrsaljko
66%
D Zenit Saint-Petersbourg Dejan Lovren
57%
G Dinamo Zagreb Dominik Livaković
57%
M Atalanta Bergame Mario Pašalić
53%
D Lille OSC Domagoj Bradarić
49%
D RB Leipzig Joško Gvardiol
49%
M CSKA Moscou Nikola Vlašić
47%
A Osasuna Ante Budimir
45%
M Dinamo Zagreb Mislav Oršić
43%
S / Zlatko Dalić
40%
A Dinamo Zagreb Bruno Petković
34%
G Hajduk Split Lovre Kalinić
30%
D Legia Warszawa Josip Juranović
23%
D Glasgow Rangers Borna Barišić
21%
M Wolfsburg Josip Brekalo
21%
M Genoa Milan Badelj
21%
G Luton Simon Sluga
11%
M Dinamo Zagreb Luka Ivanušec
6%
D Osijek Mile Škorić
4%
Aucun quiz correspondant
Distribution des résultats
% des personnes avec chaque résultat
Percentile par nombre de réponses
Votre historique - résultats
Vous n’avez pas pris ce quiz